书目信息 |
| 题名: |
伟大推销员的成功之道
|
|
| 作者: | 郭玲玲 主编 | |
| 分册: | ||
| 出版信息: | 北京 团结出版社 2018 |
|
| 页数: | 312页 | |
| 开本: | 24cm | |
| 丛书名: | ||
| 单 册: | ||
| 中图分类: | F713.3 | |
| 科图分类: | ||
| 主题词: | 推销--基本知识 | |
| 电子资源: | ||
| ISBN: | 978-7-5126-5924-7 | |
| 000 | 00829nam0 2200229 45 | |
| 001 | 012001000840 | |
| 005 | 20140920091302.0 | |
| 010 | @a978-7-5126-5924-7@dCNY59.00 | |
| 100 | @a20180714d2018 em y0chiy50 ea | |
| 101 | 0 | @achi |
| 102 | @aCN@b110000 | |
| 105 | @ay z 000yy | |
| 106 | @ar | |
| 200 | 1 | @a伟大推销员的成功之道@9Wei Da Tui Xiao Yuan De Cheng Gong Zhi Dao@f郭玲玲主编 |
| 210 | @a北京@c团结出版社@d2018 | |
| 215 | @a312页@d24cm | |
| 330 | @a本书分为世界上最伟大的推销员、世界上最伟大的营销方法、世界上最伟大的营销书上中下3篇,包括奥格·曼狄诺教你怎样成为最伟大的推销员、原一平给推销员的9个忠告、乔·吉拉德能将商品卖给任何人的秘密等内容。 | |
| 606 | 0 | @a推销@x基本知识 |
| 690 | @aF713.3@v5 | |
| 701 | 0 | @a郭玲玲@9Guo Ling Ling@4主编 |
| 801 | 0 | @aCN@b上海新华@c20180901 |
| 905 | @b1042350-54@dF713.3@e1026@f5 | |
| 伟大推销员的成功之道/郭玲玲主编.-北京:团结出版社,2018 |
| 312页;24cm |
| ISBN 978-7-5126-5924-7:CNY59.00 |
| 本书分为世界上最伟大的推销员、世界上最伟大的营销方法、世界上最伟大的营销书上中下3篇,包括奥格·曼狄诺教你怎样成为最伟大的推销员、原一平给推销员的9个忠告、乔·吉拉德能将商品卖给任何人的秘密等内容。 |
| ● |
| 相关链接 |
|
|
|
|
正题名:伟大推销员的成功之道
索取号:F713.3/1026
 
预约/预借
| 序号 | 登录号 | 条形码 | 馆藏地/架位号 | 状态 | 备注 |
| 1 | 1042350 | 210423503 | 第一样本阅览室/ [索取号:F713.3/1026] | 在馆 | |
| 2 | 1042351 | 210423512 | 第一借阅区/ [索取号:F713.3/1026] | 在馆 | |
| 3 | 1042352 | 210423521 | 第一借阅区/ [索取号:F713.3/1026] | 在馆 | |
| 4 | 1042353 | 210423530 | 第一借阅区/ [索取号:F713.3/1026] | 在馆 | |
| 5 | 1042354 | 210423549 | 密集书库-海洋学院/ [索取号:F713.3/1026] | 在馆 |